[Event "Copenhagen Chess Challenge GM 2023"]
[Site "Ballerup"]
[Date "2023.08.27"]
[Round "9.3"]
[White "Mikkelsen, Nikolaj"]
[Black "Olsen, Filip Boe"]
[Result "1/2-1/2"]
[WhiteElo "2480"]
[BlackElo "2421"]
[PlyCount "64"]
[EventDate "2023.08.23"]
[EventType "tourn"]
[EventRounds "9"]
[EventCountry "DEN"]
[SourceTitle "Live v. Michael Andersen"]

1. e4 c5 2. Nf3 d6 3. Bb5+ Bd7 4. Bxd7+ Qxd7 5. c4 e5 6. Nc3 Nc6 7. Nd5 Be7 8.
d3 Bd8 9. O-O Nge7 10. Rb1 O-O 11. a3 f5 12. Nxe7+ Bxe7 13. exf5 Rxf5 14. Be3
Raf8 15. Nd2 Bg5 16. Qe2 Bxe3 17. fxe3 Rxf1+ 18. Rxf1 Rxf1+ 19. Qxf1 Qf7 20.
Ne4 Qg6 21. Qf3 h6 22. h3 Qe6 23. Nc3 a6 24. Kf2 Qf7 25. Ne4 Qe6 26. Ke2 Ne7
27. Nc3 Qd7 28. Kd2 Qc7 29. Kc2 Qd7 30. Kd2 Qc7 31. Qg4 Qc8 32. Qf3 Qc7 1/2-1/2

[Event "Copenhagen Chess Challenge GM 2023"]
[Site "Ballerup"]
[Date "2023.08.27"]
[Round "9.4"]
[White "Nunez, Ruben Domingo"]
[Black "Solodovnichenko, Yuri"]
[Result "1/2-1/2"]
[WhiteElo "2420"]
[BlackElo "2510"]
[PlyCount "56"]
[EventDate "2023.08.23"]
[EventType "tourn"]
[EventRounds "9"]
[EventCountry "DEN"]
[SourceTitle "Live v. Michael Andersen"]

1. Nf3 d5 2. g3 Nf6 3. Bg2 c6 4. O-O Bg4 5. h3 Bh5 6. d4 e6 7. c4 Be7 8. cxd5
cxd5 9. Qb3 Bxf3 10. Bxf3 Qd7 11. Nc3 Nc6 12. Rd1 O-O 13. Bf4 Rac8 14. Rac1 a6
15. Qa4 h6 16. h4 Rfd8 17. Kg2 Bb4 18. a3 Bd6 19. Bxd6 Qxd6 20. e4 e5 21. dxe5
Nxe5 22. exd5 Nxf3 23. Kxf3 Nxd5 24. Qd4 Qb6 25. Nxd5 Qxd4 26. Rxd4 Rxc1 27.
Nf6+ gxf6 28. Rxd8+ Kg7 1/2-1/2

[Event "Copenhagen Chess Challenge GM 2023"]
[Site "Ballerup"]
[Date "2023.08.27"]
[Round "9.5"]
[White "Haubro, Martin"]
[Black "Pedersen, Daniel Vesterbaek"]
[Result "1/2-1/2"]
[WhiteElo "2386"]
[BlackElo "2142"]
[PlyCount "87"]
[EventDate "2023.08.23"]
[EventType "tourn"]
[EventRounds "9"]
[EventCountry "DEN"]
[SourceTitle "Live v. Michael Andersen"]

1. e4 e5 2. Nf3 Nc6 3. Bb5 a6 4. Ba4 Nf6 5. O-O Be7 6. Re1 b5 7. Bb3 O-O 8. a4
Bb7 9. d3 h6 10. c3 Re8 11. h3 Bf8 12. Na3 Na5 13. Ba2 b4 14. Nc4 Nxc4 15. Bxc4
d5 16. exd5 Bxd5 17. Bd2 e4 18. Bxd5 Qxd5 19. dxe4 Nxe4 20. Qc2 bxc3 21. Bxc3
Bc5 22. Rf1 Rad8 23. Rac1 Rd6 24. b4 Ba7 25. Ba1 c6 26. Kh1 Ree6 27. Qb2 Rg6
28. Ne5 Rg5 29. f4 Ng3+ 30. Kh2 Nxf1+ 31. Rxf1 Bd4 32. Qe2 Bxa1 33. Rxa1 Rf5
34. Rf1 Qd4 35. Nxc6 Rxc6 36. Qe8+ Kh7 37. Qxc6 Rxf4 38. Qxa6 Qxb4 39. Qd3+ g6
40. Ra1 Rf5 41. Qd7 Rf2 42. Qd5 Rf5 43. Qc6 Qa5 44. Qd6 1/2-1/2